[Event "Mont de Marsan op 9th"]
[Site "Mont de Marsan"]
[Date "2012.12.29"]
[Round "7"]
[White "Milchev, Nikolay"]
[Black "Bert, Jerome"]
[Result "1-0"]
[WhiteElo "2429"]
[BlackElo "2076"]
[PlyCount "63"]
[EventDate "2012.12.27"]
[EventType "swiss"]
[EventRounds "9"]
[EventCountry "FRA"]
[SourceTitle "CBM 152 Extra"]
[Source "ChessBase"]
[SourceDate "2013.02.25"]
[SourceVersion "1"]
[SourceVersionDate "2013.02.25"]
[SourceQuality "1"]

1. Nf3 Nf6 2. c4 g6 3. Nc3 Bg7 4. e4 0-0 5. d4 d6 6. h3 e5 7. dxe5 dxe5 8. Be3 c6 9. c5 Qa5 10. Nd2 Be6 11. a3 Qc7 12. Be2 Nbd7 13. 0-0 b6 14. cxb6 axb6 15. Rc1 Rfd8 16. Qc2 Nb8 17. Rfd1 c5 18. Nb5 Qb7 19. b4 Na6 20. Nc4 Bxc4 21. Bxc4 cxb4 22. Nd6 Rxd6 23. Rxd6 Nc5 24. axb4 Ncd7 25. Bb5 Bf8 26. Bc6 Qc8 27. Rxd7 Nxd7 28. Bxa8 Qxa8 29. Qc8 Qxc8 30. Rxc8 Kg7 31. Rd8 Nf6 32. Bh6+ 1-0

[Event "Mont de Marsan op 9th"]
[Site "Mont de Marsan"]
[Date "2012.12.27"]
[Round "4"]
[White "Bert, Jerome"]
[Black "Mitjaville, Laurent"]
[Result "0-1"]
[WhiteElo "2076"]
[BlackElo "1988"]
[PlyCount "43"]
[EventDate "2012.12.27"]
[EventType "swiss"]
[EventRounds "9"]
[EventCountry "FRA"]
[SourceTitle "CBM 152 Extra"]
[Source "ChessBase"]
[SourceDate "2013.02.25"]
[SourceVersion "1"]
[SourceVersionDate "2013.02.25"]
[SourceQuality "1"]

1. e4 g6 2. d4 d6 3. f4 Bg7 4. Nf3 Nf6 5. Bd3 0-0 6. 0-0 c5 7. c3 Qb6 8. Kh1 cxd4 9. cxd4 Bg4 10. e5 Nh5 11. Qb3 Qxb3 12. axb3 Nc6 13. Be3 Nb4 14. Be4 d5 15. Ra4 dxe4 16. Nfd2 Nd5 17. Re1 Nxe3 18. Rxe3 Bd7 19. Rb4 Nxf4 20. Nc3 Bc6 21. Ndxe4 Bxe4 22. Rxe4 0-1

[Event "Reunion op 09th"]
[Site "Reunion"]
[Date "2007.10.19"]
[Round "6"]
[White "Bert, Jerome"]
[Black "Letreguilly, Olivier"]
[Result "0-1"]
[WhiteElo "2122"]
[BlackElo "2334"]
[PlyCount "82"]
[EventDate "2007.10.14"]
[EventType "swiss"]
[EventRounds "9"]
[EventCountry "RUF"]
[SourceTitle "EXT 2012"]
[Source "ChessBase"]
[SourceDate "2011.11.24"]
[SourceVersion "1"]
[SourceVersionDate "2011.11.24"]
[SourceQuality "1"]

1. e4 c5 2. Nf3 e6 3. d4 cxd4 4. Nxd4 Nc6 5. Nc3 Qc7 6. Be3 a6 7. Be2 Nf6 8. a3 Be7 9. 0-0 0-0 10. f4 d6 11. Bf3 Na5 12. Kh1 Nc4 13. Bc1 e5 14. Nde2 Qc5 15. b4 Qc7 16. Qe1 b5 17. f5 Re8 18. g4 d5 19. g5 dxe4 20. Nxe4 Nxe4 21. Bxe4 Bb7 22. Ng3 Nd6 23. Bxb7 Qxb7+ 24. Kg1 Rac8 25. Qe2 Bd8 26. Rf2 Nc4 27. Rg2 Bb6+ 28. Kh1 Rcd8 29. h4 Rd4 30. Nf1 Rxh4+ 31. Nh2 Rd8 32. g6 f6 33. gxh7+ Kh8 34. Rb1 Qe4 35. Bh6 gxh6 36. Qxe4 Rxe4 37. Ng4 Rd6 38. Nxh6 Rh4+ 39. Rh2 Rdd4 40. Ng8 Bd8 41. Kg2 Rxh2+ 0-1

[Event "Reunion op 09th"]
[Site "Reunion"]
[Date "2007.10.15"]
[Round "2"]
[White "Bert, Jerome"]
[Black "Blondel, Jerome"]
[Result "1-0"]
[WhiteElo "2122"]
[BlackElo "1890"]
[PlyCount "59"]
[EventDate "2007.10.14"]
[EventType "swiss"]
[EventRounds "9"]
[EventCountry "RUF"]
[SourceTitle "EXT 2012"]
[Source "ChessBase"]
[SourceDate "2011.11.24"]
[SourceVersion "1"]
[SourceVersionDate "2011.11.24"]
[SourceQuality "1"]

1. e4 g6 2. d4 Bg7 3. c3 d6 4. f4 Nd7 5. Nf3 b6 6. Bd3 Bb7 7. 0-0 c5 8. e5 cxd4 9. cxd4 d5 10. f5 gxf5 11. Bxf5 Ba6 12. Rf2 e6 13. Bxe6 fxe6 14. Ng5 Nf8 15. Qa4+ Qd7 16. Qxa6 Nh6 17. Nc3 Nf5 18. Nb5 Bh6 19. Nf7 Kxf7 20. Bxh6 Kg6 21. Bd2 h5 22. Rc1 Rh7 23. a4 Qd8 24. a5 Nd7 25. Nc7 Nc5 26. dxc5 Rxc7 27. axb6 Rc6 28. Qb5 Nd4 29. Qa4 Qh4 30. Bf4 1-0

[Event "Reunion op 09th"]
[Site "Reunion"]
[Date "2007.10.15"]
[Round "3"]
[White "Sriram, Jha"]
[Black "Bert, Jerome"]
[Result "1-0"]
[WhiteElo "2458"]
[BlackElo "2122"]
[PlyCount "73"]
[EventDate "2007.10.14"]
[EventType "swiss"]
[EventRounds "9"]
[EventCountry "RUF"]
[SourceTitle "EXT 2012"]
[Source "ChessBase"]
[SourceDate "2011.11.24"]
[SourceVersion "1"]
[SourceVersionDate "2011.11.24"]
[SourceQuality "1"]

1. d4 Nf6 2. c4 g6 3. Nc3 Bg7 4. e4 0-0 5. Nge2 d6 6. f3 Nbd7 7. Be3 c5 8. Qd2 a6 9. d5 Ne5 10. Ng3 e6 11. a4 exd5 12. cxd5 Qa5 13. Be2 b5 14. 0-0 b4 15. Nd1 Bb7 16. Bh6 Bxh6 17. Qxh6 Rfc8 18. Ne3 Qd8 19. f4 Ned7 20. Nc4 Ne8 21. a5 Qf6 22. Rad1 Rd8 23. e5 dxe5 24. fxe5 Qg7 25. Qf4 Nc7 26. e6 Nxd5 27. Qxf7+ Qxf7 28. Rxf7 Bc6 29. Rxd7 Bxd7 30. exd7 Nf6 31. Nb6 Ra7 32. Rd6 Kg7 33. Bc4 h5 34. Ne2 Ne4 35. Rd3 Nf6 36. Nf4 Ng4 37. Ne6+ 1-0

[Event "Rohde op 01st"]
[Site "Sautron"]
[Date "2001.10.28"]
[Round "2"]
[White "Bert, Jerome"]
[Black "Crouan, Stephane"]
[Result "0-1"]
[WhiteElo "2100"]
[BlackElo "2276"]
[PlyCount "72"]
[EventDate "2001.10.27"]
[EventType "swiss"]
[EventRounds "9"]
[EventCountry "FRA"]
[SourceTitle "CBM 085 Extra"]
[Source "ChessBase"]
[SourceDate "2002.01.21"]
[SourceVersion "1"]
[SourceVersionDate "2002.01.21"]
[SourceQuality "1"]

1. e4 c5 2. Nf3 Nc6 3. d4 cxd4 4. Nxd4 Nf6 5. Nc3 e5 6. Ndb5 d6 7. Bg5 a6 8. Na3 b5 9. Nd5 Be7 10. Bxf6 Bxf6 11. c3 0-0 12. Nc2 Bg5 13. a4 bxa4 14. Rxa4 a5 15. Bc4 Rb8 16. b3 Kh8 17. Nce3 g6 18. 0-0 f5 19. exf5 gxf5 20. f4 exf4 21. Nc2 f3 22. Qxf3 Ne5 23. Qh5 f4 24. h4 Bxh4 25. Rxf4 Bg3 26. Rxf8+ Qxf8 27. Nf6 Bf2+ 28. Kxf2 Qxf6+ 29. Kg1 Bg4 30. Qh2 Qg5 31. Qg3 h5 32. Qe3 Qg6 33. Nd4 Rf8 34. Bd5 Bd7 35. Ra2 Qb1+ 36. Kh2 Ng4+ 0-1